Statistiques concernant Tennis - joueur le mieux classé par pays

Cliquez ici pour prendre le quiz!

Statistiques générales

  • Ce quiz a été pris 255 fois
  • Le résultat moyen est 18 sur 73

Statistiques - réponses

PaysClassementJoueur% Correct
Espagne1Moya/Ferrero/Nadal
90%
Serbie1Djokovic
83%
Suisse1Federer
83%
France3Noah
78%
États Unis1Connors/McEnroe/Courier/Agassi/Sampras/Roddick
75%
Afrique du Sud5Curren/Anderson
75%
Grèce3Tsitsipas
72%
Belgique7Goffin
70%
Royaume uni1Murray
68%
Japon4Nishikori
68%
Allemagne1Becker
64%
Suède1Borg/Wilander/Edberg
63%
Bulgarie3Dimitrov
61%
Australie1Newcombe/Rafter/Hewitt
60%
Brésil1Kuerten
56%
Canada3Raonic
56%
Norvège8Ruud
56%
Russie1Kafelnikov/Safin
51%
Ukraine4Medvedev
48%
Lettonie10Gulbis
43%
Tchécoslovaquie1Lendl
41%
Autriche1Muster
36%
Pologne9Hurckacz
35%
Roumanie1Nastase
35%
Chili1Rios
31%
Croatie2Ivanisevic
28%
Portugal28Sousa
28%
Luxembourg21Muller
25%
Argentine2Vilas
25%
Lituanie50Berankis
21%
Ouzbékistan33Istomin
19%
Uruguay19Cuevas
18%
Moldavie39Albot
17%
Bosnie-Herzégovine23Dzumhur
17%
Équateur4Gomez
16%
Tunisie46Jaziri
15%
Finlande13Nieminen
12%
Slovénie43Bedene
8%
Kazakhstan33Golubev
7%
Taiwan33Lu
7%
Italie4Pannata
7%
République dominicaine43Estrella Burgos
5%
Haiti22Agénor
4%
Zimbabwe22Black
4%
Maroc14El Aynaoui
4%
Monaco84Lisnard
4%
Biélorussie18Mirnyi
4%
Paraguay9Pecci
4%
Bahamas96Smith/Knowles
4%
Chypre8Baghdatys
3%
Turquie77Ilhan
3%
Slovaquie4Mecir
3%
Israël18Mansdorf
2%
Arménie38Sargsian
2%
Estonie71Zopp
2%
Inde18Amritraj
1%
Colombie28Giraldo
1%
Bolivie35Martinez
1%
Géorgie9Metreveli
1%
Mexique4Ramirez
1%
Hongrie12Taroczy
1%
Danemark41Carlsen
0%
Senegal74Doumbia
0%
Égypte34El Shafei
0%
Nouvelle Zélande19Lewis
0%
Pays Bas3Lewis
0%
Philippines72Mamiit
0%
Costa Rica55Marin
0%
Nigeria52Odizor
0%
Venezuela74Pereira
0%
Pakistan44Rahim
0%
Thaïlande9Schrichaphan
0%
Perou18Yzaga
0%

Distribution des résultats

Percentile par nombre de réponses

% des personnes avec chaque résultat

Votre développement - résultats

Vous n’avez pas pris ce quiz